书目信息 |
| 题名: |
《社会发展简史》教学
|
|
| 作者: | ;中学政治课教学编辑部《丛书》编辑组 编 | |
| 分册: | 下 | |
| 出版信息: | 北京 北京师范大学出版社 1983 |
|
| 页数: | 261页 | |
| 开本: | 19cm | |
| 丛书名: | 中学政治课教学参考丛书 | |
| 单 册: | ||
| 中图分类: | G633.22 , G633.2 | |
| 科图分类: | ||
| 主题词: | 社会发展史--中学--教学参考资料 | |
| 电子资源: | ||
| ISBN: | ||
| 000 | 00908nam2 2200277 45 | |
| 001 | 0183009800 | |
| 005 | 20040427143629.4 | |
| 010 | @dCNY0.73 | |
| 091 | @a7243.152 | |
| 100 | @a19950516d1983 em y0chiy0121 ea | |
| 101 | 0 | @achi |
| 102 | @aCN@b110000 | |
| 105 | @ay z 000yy | |
| 106 | @ar | |
| 200 | 12 | @a《社会发展简史》教学@h下@A《 she hui fa zhan jian shi》 jiao xue@f《中学政治课教学》编辑部《丛书》编辑组编 |
| 210 | @a北京@c北京师范大学出版社@d1983 | |
| 215 | @a261页@d19cm | |
| 225 | 2 | @a中学政治课教学参考丛书 |
| 410 | 0 | @120010@a中学政治课教学参考丛书 |
| 606 | @a社会发展史@x中学@x教学参考资料 | |
| 690 | @aG633.22@v3 | |
| 690 | @aG633.2 | |
| 711 | 02 | @a中学政治课教学编辑部《丛书》编辑组@Azhong xue zheng zhi ke jiao xue bian ji bu《 cong shu》 bian ji zu@4编 |
| 801 | 0 | @aCN@b上海图书馆@c20040427 |
| 801 | 2 | @aCN@bNLC@c20040427 |
| 905 | @f2@b172601-602@f1@b105572@dG633.2@e10:2 | |
| 《社会发展简史》教学.下/《中学政治课教学》编辑部《丛书》编辑组编.-北京:北京师范大学出版社,1983 |
| 261页;19cm.-(中学政治课教学参考丛书) |
| ISBN :CNY0.73 |
| ● |
| 相关链接 |
|
|
|
|
正题名:《社会发展简史》教学
索取号:G633.2/10:2
 
预约/预借
| 序号 | 登录号 | 条形码 | 馆藏地/架位号 | 状态 | 备注 |
| 1 | 0105572 | 000472642 | 密集书库/ [索取号:G633.2/10:2] | 在馆 | |
| 2 | 0105574 | 000472606 | 第一样本阅览室/ [索取号:G633.2/10:2] | 在馆 | |
| 3 | 0172601 | 000269346 | 密集书库/ [索取号:G633.2/10:2] | 在馆 | |
| 4 | 0172602 | 000472394 | 密集书库/ [索取号:G633.2/10:2] | 在馆 |